000 00427nam a2200181Ia 4500
001 2052
005 20260306143814.0
008 260306t2015||||xx |||||||||||||| ||spa||
041 _aESP
082 _a611.8
_bG24
100 _aGarcía-Porrero Pérez, Juan A.
_eAUT
245 0 _aNeuroanatomía humana
260 _c2015
300 _a404 páginas :
_c28 cm.
650 _aGEN
654 _aCPS
942 _cLIB
_dJUS
_fJUS
_2ddc
_n
999 _c2052
_d2052